Cómo aprenden los niños

Guardat en:
Dades bibliogràfiques
Autor principal: Vosniadou, Stella
Format: Llibre
Idioma:Spanish
Publicat: Bogotá (Colombia): Cooperativa editorial Magisterio, 2002
Col·lecció:Prácticas Educativas
Matèries:
Accés en línia:Enlace del recurso
Etiquetes: Afegir etiqueta
Sense etiquetes, Sigues el primer a etiquetar aquest registre!

MARC

LEADER 00000nam a22000007a 4500
003 OSt
005 20190828105429.0
008 170915b2002 ck ||||| |||| 00| 0 spa d
020 |a 9582006663 
040 |c CNA-IDEP 
082 |a 371.3  |b V959 
100 |a Vosniadou, Stella   |9 4653 
245 1 0 |a Cómo aprenden los niños  |c Vosniadou, Stella  
260 |a Bogotá (Colombia):  |b Cooperativa editorial Magisterio,  |c 2002 
300 |a 58 p. 
440 |a Prácticas Educativas   |n 7  |9 4654 
504 |a Incluye Bibliografía 
650 0 |a Método de enseñanza  |9 947 
650 |a Educación de niños  |9 2255 
650 |a Psicología del Aprendizaje  |9 2360 
650 |a Academia Internacional de Educación  |9 4655 
942 |2 ddc  |c BK 
999 |c 5509  |d 5509 
856 |u https://catalogo.idep.edu.co/cgi-bin/koha/opac-detail.pl?biblionumber=5509  |z Enlace del recurso